| 000 -LEADER |
| fixed length control field |
00738nam a2200205Ia 4500 |
| 001 - CONTROL NUMBER |
| control field |
17539 |
| 003 - CONTROL NUMBER IDENTIFIER |
| control field |
GE_BSU |
| 008 - FIXED-LENGTH DATA ELEMENTS--GENERAL INFORMATION |
| fixed length control field |
181216s||||||||xx |||||||||||||| ||und|| |
| 040 ## - CATALOGING SOURCE |
| Transcribing agency |
GE_BSU |
| 080 ## - UNIVERSAL DECIMAL CLASSIFICATION NUMBER |
| Universal Decimal Classification number |
628.9(035.5) |
| 245 ## - TITLE STATEMENT |
| Title |
Справочная книга по светотехнике II. Основы светотехники и осветительные установки. |
| 245 ## - TITLE STATEMENT |
| Statement of responsibility, etc. |
Отвест. ред. В.С.Кулебакин. Ред. изд-во М.М.Епанешников. |
| 260 ## - PUBLICATION, DISTRIBUTION, ETC. |
| Place of publication, distribution, etc. |
М. |
| 260 ## - PUBLICATION, DISTRIBUTION, ETC. |
| Name of publisher, distributor, etc. |
Акадкмиа наук. |
| 260 ## - PUBLICATION, DISTRIBUTION, ETC. |
| Date of publication, distribution, etc. |
1958. |
| 300 ## - PHYSICAL DESCRIPTION |
| Extent |
454 стр. с илл. 26 см. |
| 300 ## - PHYSICAL DESCRIPTION |
| Accompanying material |
Табл. |
| 653 ## - INDEX TERM--UNCONTROLLED |
| Uncontrolled term |
Справочная книга по светотехнике. |
| 942 ## - ADDED ENTRY ELEMENTS (KOHA) |
| Koha item type |
წიგნი |